Statistics for Movie Titles Containing Mr., Mrs. or Miss

Click here to take the quiz!

General Stats

  • This quiz has been taken 35 times
  • The average score is 11 of 20

Answer Stats

HintYearTitleAnswer% Correct
Robin Williams1993Mrs. _________Doubtfire
94%
Brad Pitt & Angelina Jolie2005Mr. & Mrs. _____Smith
94%
Spencer Tracy1941Dr. Jeckyll and Mr. ____Hyde
90%
Rowan Atkinson2007Mr. ____'s HolidayBean
87%
Jessica Tandy1989Driving Miss _____Daisy
87%
Matt Damon1999The Talented Mr. ______Ripley
81%
Sandra Bullock2000Miss ____________Congeniality
71%
Abigail Breslin2006Little Miss ________Sunshine
71%
Robert Donat1939Goodbye Mr. _____Chips
58%
Richard Dreyfuss1995Mr. _______'s OpusHolland
58%
Maggie Smith1969The Prime of Miss ____ ______Jean Brodie
58%
Michael Keaton1983Mr. ___Mom
52%
Sidney Poitier1970They Call Me Mister _____Tibbs
52%
Greer Garson1942Mrs. _______Miniver
45%
Gary Cooper1936Mr _____ Goes to TownDeeds
42%
Henry Fonda1955Mister _______Roberts
29%
Charles Bronson1974Mr. ________Majestyk
26%
Shirley Temple1934Little Miss ______Marker
16%
Holly Hunter1989Miss ___________Firecracker
13%
Jessica Chastain2016Miss ______Sloane
6%

Score Distribution

Percentile by Number Answered

Percent of People with Each Score

Your Score History

You have not taken this quiz